00267nam a22001097a 450000500170000002000230001703500130004003700130005324500430006626000250010930000230013420120218122911.0 a8120324900c225.00 aB-106178 aDPLbENG aBasic of software project management / aNew DelhibPHIc2004 axi, 258p.c22 cms.